Normal view
MARC view
Entry Personal Name
001 - CONTROL NUMBER
- control field: 28021
003 - CONTROL NUMBER IDENTIFIER
- control field: ARRUPE
005 - DATE AND TIME OF LATEST TRANSACTION
- control field: 20161213151433.0
008 - FIXED-LENGTH DATA ELEMENTS
- fixed length control field: 161213|| aca||aabn | a|a d
040 ## - CATALOGING SOURCE
- Original cataloging agency: ARRUPE
- Transcribing agency: ARRUPE
100 ## - HEADING--PERSONAL NAME
- Personal name: Jesus Christ
- General subdivision: Miracles.
670 ## - SOURCE DATA FOUND
- Source citation: Work cat.: (ARRUPE)0: Brown, Colin, 1932- 28020, Miracles and the critical mind /, c1984.